Pictures by Letter - X - Statistics

General Stats
  • This quiz has been taken 1,670 times
  • The average score is 7 of 16
Answer Stats
Picture Answer % Correct
X-ray (false color medical)
97%
Xylophone
88%
Xbox
81%
X-mas
80%
Xenon
64%
X Chromosome
55%
Xena - Warrior Princess
53%
Xerox
52%
Xavi Hernandez
37%
Xi'an
32%
Xerxes
20%
Xi Jinping
19%
Xylem
14%
Xanadu
10%
Xhosa (South Africa)
8%
Xanten (Klever Tor)
3%
No matching quizzes found
Score Distribution
Percent of People with Each Score
Percentile by Number Answered
Your Score History
You have not taken this quiz